| 000 | 00419nam a2200145Ia 4500 | ||
|---|---|---|---|
| 008 | 230312s9999||||xx |||||||||||||| ||und|| | ||
| 020 | _a8184310730 | ||
| 082 |
_a621.3 _bGOD-P |
||
| 100 | _aGodse, A.P | ||
| 245 | 0 | _aPulse and digital electronics | |
| 260 |
_bTechnical _aPune _c2006 |
||
| 546 | _aEng. | ||
| 650 |
_aEngineering _vcharacteristics of logic gates, boolean functions, Arthematic logic circuits |
||
| 942 | _cBK | ||
| 999 |
_c1461 _d1461 |
||